| 000 | 00383cam a22001457a 4500 | ||
|---|---|---|---|
| 008 | 180718b1965 xxu||||| |||| 00| 0 eng d | ||
| 082 | _aA6x5431 G748 | ||
| 100 | _aGoyal, D. R. | ||
| 245 |
_aKashmir _cby D. R. Goyal |
||
| 260 |
_aNew Delhi _bR & K. Pub. House _c1965 |
||
| 300 | _a141p. | ||
| 500 | _aRs.20.00 | ||
| 650 | _aKashmir - Social Conditions | ||
| 650 | _aKashmir - History | ||
| 999 |
_c366658 _d366658 |
||